[Event "British Rapidplay"]
[Site "Peterborough"]
[Date "2025.03.01"]
[Round "4"]
[White "Manley, Jon P"]
[Black "Fearnhead, Benjamin"]
[Result "1-0"]
[WhiteElo "2090"]
[BlackElo "1881"]
[PlyCount "75"]
[EventDate "2025.03.01"]
[EventType "swiss (rapid)"]
[EventRounds "11"]
[EventCountry "ENG"]
[SourceTitle "CB10_2025"]
[SourceDate "2025.03.05"]
[SourceVersion "1"]
[SourceVersionDate "2025.03.05"]
[SourceQuality "1"]

1. e4 e5 2. Nf3 Nf6 3. Nc3 Nc6 4. Bb5 Bd6 5. d3 Nd4 6. Bc4 c6 7. Nxd4 exd4 8. Ne2 0-0 9. Bb3 Re8 10. h3 Bc7 11. 0-0 a5 12. a4 d5 13. exd5 Nxd5 14. Nxd4 Qd6 15. Nf3 Bd7 16. d4 Re6 17. c4 Rf6 18. Ne5 Nf4 19. c5 Qe7 20. Re1 Ne6 21. Ng4 Rg6 22. Bc2 Rxg4 23. Qxg4 Qf6 24. Qf5 Qxf5 25. Bxf5 Rd8 26. Be3 b6 27. Rad1 bxc5 28. dxc5 Be5 29. b3 Bc3 30. Re2 Bb4 31. Rc2 Kf8 32. Bxe6 fxe6 33. Rd6 Ke8 34. Rc1 h6 35. Rcd1 Bc3 36. Bd4 Bxd4 37. R1xd4 Ke7 38. f4 1-0

[Event "British Rapidplay"]
[Site "Peterborough"]
[Date "2025.03.01"]
[Round "1"]
[White "Yu, Robin1"]
[Black "Manley, Jon P"]
[Result "0-1"]
[WhiteElo "1628"]
[BlackElo "2090"]
[PlyCount "96"]
[EventDate "2025.03.01"]
[EventType "swiss (rapid)"]
[EventRounds "11"]
[EventCountry "ENG"]
[SourceTitle "CB10_2025"]
[SourceDate "2025.03.05"]
[SourceVersion "1"]
[SourceVersionDate "2025.03.05"]
[SourceQuality "1"]

1. c4 e5 2. Nc3 Nc6 3. g3 f5 4. e3 Nf6 5. Bg2 g6 6. Nge2 Bg7 7. d3 d6 8. 0-0 0-0 9. h3 Be6 10. b3 Bf7 11. Bb2 Qd7 12. Qd2 Rae8 13. Rad1 h6 14. Kh2 Nd8 15. f4 c6 16. e4 exf4 17. Nxf4 g5 18. Nfe2 Bg6 19. exf5 Bxf5 20. d4 d5 21. Rde1 Bg6 22. Nd1 Ne4 23. Rxf8+ Rxf8 24. Qe3 Nf7 25. c5 Nf6 26. Nf2 Re8 27. Qd2 Qf5 28. Ng1 Rxe1 29. Qxe1 Qc2 30. Qe2 Qb1 31. a3 Qa2 32. b4 Qb3 33. Nf3 Ne4 34. Ne5 Qxg3+ 35. Kg1 Nxe5 36. Nxe4 Bxe4 37. dxe5 Bxe5 38. Bxe5 Qxe5 39. Bxe4 Qxe4 40. Qxe4 dxe4 41. Kf2 Kf7 42. Ke3 Kf6 43. Kxe4 h5 44. a4 a6 45. Ke3 Ke5 46. Kf3 Kf5 47. Ke3 g4 48. hxg4+ Kxg4 0-1

[Event "BCF-chT2 2425 (4NCL)"]
[Site "England"]
[Date "2025.02.16"]
[Round "6.14"]
[White "Manley, Jon P"]
[Black "Baltrunas, Evaldas"]
[Result "1-0"]
[WhiteElo "2090"]
[BlackElo "1977"]
[PlyCount "78"]
[EventDate "2024.11.23"]
[EventType "team-tourn"]
[EventRounds "11"]
[EventCountry "ENG"]
[SourceTitle "CB14_2025"]
[SourceDate "2024.11.01"]
[SourceVersion "1"]
[SourceVersionDate "2024.11.01"]
[SourceQuality "1"]
[WhiteTeam "Oxford"]
[BlackTeam "The ADS"]
[WhiteTeamCountry "ENG"]
[BlackTeamCountry "ENG"]

1. e4 c5 2. Nf3 e6 3. d3 Nc6 4. g3 d5 5. Qe2 Nf6 6. Bg2 Be7 7. 0-0 0-0 8. e5 Nd7 9. h4 Qc7 10. Re1 b5 11. Bf4 Bb7 12. c3 Rfc8 13. Nbd2 a5 14. h5 h6 15. Nh2 Qd8 16. Ng4 Bf8 17. Nf3 b4 18. c4 Ne7 19. Ne3 Nb6 20. g4 Ba6 21. b3 a4 22. g5 axb3 23. axb3 Bb7 24. gxh6 gxh6 25. Ng4 Nf5 26. Qd2 dxc4 27. bxc4 Rxa1 28. Rxa1 Ra8 29. Rd1 Kh7 30. Nf6+ Kh8 31. Ng4 b3 32. Qb2 Nd4 33. Nxd4 Bxg2 34. Kxg2 Qxd4 35. Qxd4 cxd4 36. Rb1 Ra3 37. Bc1 b2 38. Rxb2 Bc5 39. Rxb6 Kh7 1-0

[Event "BCF-chT2 2425 (4NCL)"]
[Site "England"]
[Date "2025.02.15"]
[Round "5.16"]
[White "Duckers, Harvey L"]
[Black "Manley, Jon P"]
[Result "0-1"]
[WhiteElo "1879"]
[BlackElo "2090"]
[PlyCount "68"]
[EventDate "2024.11.23"]
[EventType "team-tourn"]
[EventRounds "11"]
[EventCountry "ENG"]
[SourceTitle "CB14_2025"]
[SourceDate "2024.11.01"]
[SourceVersion "1"]
[SourceVersionDate "2024.11.01"]
[SourceQuality "1"]
[WhiteTeam "Crowthorne"]
[BlackTeam "Oxford"]
[WhiteTeamCountry "ENG"]
[BlackTeamCountry "ENG"]

1. c4 e5 2. Nc3 Nc6 3. g3 g6 4. Bg2 Bg7 5. d3 d6 6. Nf3 Nge7 7. 0-0 0-0 8. Rb1 a5 9. a3 Bg4 10. h3 Bd7 11. Bd2 Nd4 12. Ne1 c6 13. e3 Ne6 14. f4 exf4 15. gxf4 Nf5 16. Nf3 Qb6 17. d4 Qa6 18. b3 Rae8 19. Re1 Nc7 20. Kh2 Re7 21. Bf1 Qa7 22. Qc1 b5 23. cxb5 cxb5 24. Bd3 Rfe8 25. b4 a4 26. Nd1 Qb7 27. Ng1 Nxd4 28. exd4 Rxe1 29. Bxe1 Rxe1 30. Qd2 Re8 31. Qf2 Qd5 32. Ne2 Qh5 33. Ng1 Ne6 34. d5 Nxf4 0-1

[Event "BCF-chT2 2425 (4NCL)"]
[Site "England"]
[Date "2025.01.26"]
[Round "4.14"]
[White "Saunders, Aron"]
[Black "Manley, Jon P"]
[Result "0-1"]
[WhiteElo "2106"]
[BlackElo "2084"]
[PlyCount "140"]
[EventDate "2024.11.23"]
[EventType "team-tourn"]
[EventRounds "11"]
[EventCountry "ENG"]
[SourceTitle "CB14_2025"]
[SourceDate "2024.11.01"]
[SourceVersion "1"]
[SourceVersionDate "2024.11.01"]
[SourceQuality "1"]
[WhiteTeam "The Audible Checks"]
[BlackTeam "Oxford"]
[WhiteTeamCountry "ENG"]
[BlackTeamCountry "ENG"]

1. e4 e5 2. Nf3 Nc6 3. Bc4 Bc5 4. c3 Nf6 5. d3 d6 6. 0-0 a6 7. a4 Ba7 8. Na3 h6 9. Nc2 0-0 10. Be3 Re8 11. Re1 Be6 12. Bxe6 Rxe6 13. a5 Qd7 14. c4 Rd8 15. Qd2 Bxe3 16. Nxe3 Ne7 17. Nd5 c6 18. Nb6 Qe8 19. Qb4 Ng6 20. Rad1 Re7 21. Qa3 Nf4 22. b4 Ne6 23. Qb2 Nc7 24. Na4 Ne6 25. Rb1 Nc7 26. h3 Re6 27. Nc3 Re7 28. b5 axb5 29. cxb5 Ra8 30. bxc6 bxc6 31. Qa3 Na6 32. Na4 c5 33. Nb6 Raa7 34. Nd2 Nb4 35. Rec1 Rec7 36. Ndc4 Qe6 37. Ne3 Rcb7 38. Rxb4 cxb4 39. Qxb4 Qa2 40. Qxd6 Qxa5 41. Nf5 Qxb6 42. Rc8+ Kh7 43. Rh8+ Kg6 44. Rxh6+ gxh6 45. Qf8 Qb1+ 46. Kh2 Ng4+ 47. hxg4 f6 48. Qxh6+ Kf7 49. Qg7+ Ke6 50. Qg8+ Kd7 51. Qd5+ Kc8 52. Qg8+ Kc7 53. Qf7+ Kb6 54. Qxf6+ Ka5 55. Qxe5+ Rb5 56. Qc3+ Ka4 57. Nd4 Rh7+ 58. Kg3 Rbb7 59. Qc4+ Ka5 60. e5 Rhc7 61. Qd5+ Ka4 62. Nf3 Rc2 63. e6 Re2 64. Qc4+ Rb4 65. Qa6+ Kb3 66. d4 Qc2 67. e7 Rxe7 68. d5 Re2 69. Qa7 Qe4 70. Qg7 Qxd5 0-1

[Event "BCF-chT 2324 (4NCL)"]
[Site "England"]
[Date "2024.05.04"]
[Round "9.6"]
[White "Manley, Jon P"]
[Black "Kazarian, Anna Maja"]
[Result "1-0"]
[WhiteElo "2170"]
[BlackElo "2182"]
[PlyCount "99"]
[EventDate "2023.11.11"]
[EventType "team-tourn"]
[EventRounds "11"]
[EventCountry "ENG"]
[SourceTitle "EXT 2025"]
[Source "ChessBase"]
[SourceDate "2024.10.14"]
[SourceVersion "1"]
[SourceVersionDate "2024.10.14"]
[SourceQuality "1"]
[WhiteTeam "Oxford"]
[BlackTeam "Barnet Knights"]
[WhiteTeamCountry "ENG"]
[BlackTeamCountry "ENG"]

1. e4 e6 2. d4 d5 3. Nc3 Nf6 4. Bg5 Be7 5. e5 Nfd7 6. h4 Bxg5 7. hxg5 Qxg5 8. Nf3 Qe7 9. Qd3 h6 10. 0-0-0 a6 11. Qe3 c5 12. dxc5 Qxc5 13. Nd4 Nc6 14. f4 b5 15. f5 Bb7 16. Rh4 0-0-0 17. Qg3 Nxd4 18. Rhxd4 Rhg8 19. Be2 Qe7 20. Bh5 Nb6 21. Rf1 exf5 22. Be2 g6 23. Kb1 Rge8 24. Qd3 Qxe5 25. Bf3 Qe3 26. Qd1 Re5 27. a4 bxa4 28. Nxa4 Nxa4 29. Rxa4 Qb6 30. Rd4 Bc6 31. Qd2 g5 32. g3 g4 33. Bh1 Bb5 34. Rd1 Bc4 35. Qc3 Kb8 36. Rxc4 Re3 37. Qb4 Qxb4 38. Rxb4+ Kc7 39. Bxd5 Rd6 40. Rb7+ Kd8 41. Rxf7 Re5 42. c4 Ke8 43. Rh7 Kf8 44. Rh1 Rb6 45. R1xh6 Re1+ 46. Ka2 Rxh6 47. Rxh6 Ke7 48. Rxa6 Re3 49. Ra3 f4 50. gxf4 1-0

[Event "British Rapidplay"]
[Site "Peterborough"]
[Date "2024.03.02"]
[Round "6"]
[White "Manley, Jon P"]
[Black "Botteley, Michael T"]
[Result "1-0"]
[WhiteElo "2167"]
[BlackElo "1941"]
[PlyCount "71"]
[EventDate "2024.03.02"]
[EventType "swiss (rapid)"]
[EventRounds "11"]
[EventCountry "ENG"]
[SourceTitle "CBM 219 Extra"]
[Source "ChessBase"]
[SourceDate "2024.05.31"]
[SourceVersion "1"]
[SourceVersionDate "2024.05.31"]
[SourceQuality "1"]

1. e4 c6 2. d4 d5 3. Nc3 dxe4 4. Nxe4 Nf6 5. Nxf6+ exf6 6. c3 Bd6 7. Bd3 0-0 8. Qc2 Re8+ 9. Ne2 h6 10. Be3 Nd7 11. 0-0-0 Qc7 12. Kb1 b5 13. Ng3 Nb6 14. Bc1 Be6 15. Nf5 Bf8 16. h4 a5 17. g4 Nd5 18. g5 fxg5 19. hxg5 Bxf5 20. Bxf5 g6 21. Bd3 h5 22. Bxg6 fxg6 23. Qxg6+ Qg7 24. Qxh5 Bd6 25. Rh4 a4 26. Rdh1 a3 27. g6 axb2 28. Bxb2 Ba3 29. Qg4 Nf6 30. Qg5 Re6 31. Qf5 Rd6 32. Rh8+ Qxh8 33. Rxh8+ Kxh8 34. Qe5 Rad8 35. Bxa3 b4 36. Bxb4 1-0

[Event "British Rapidplay"]
[Site "Peterborough"]
[Date "2024.03.02"]
[Round "1"]
[White "Smith, Andrew PE"]
[Black "Manley, Jon P"]
[Result "0-1"]
[WhiteElo "1691"]
[BlackElo "2167"]
[PlyCount "106"]
[EventDate "2024.03.02"]
[EventType "swiss (rapid)"]
[EventRounds "11"]
[EventCountry "ENG"]
[SourceTitle "CBM 219 Extra"]
[Source "ChessBase"]
[SourceDate "2024.05.31"]
[SourceVersion "1"]
[SourceVersionDate "2024.05.31"]
[SourceQuality "1"]

1. d4 d5 2. Nf3 Nf6 3. e3 e6 4. Bd3 c5 5. b3 Nbd7 6. Nbd2 b6 7. Bb2 Bb7 8. Qe2 g6 9. 0-0 Bg7 10. Ne5 0-0 11. Ndf3 Ne8 12. Nxd7 Qxd7 13. c4 Nd6 14. Ne5 Qe7 15. f4 Rac8 16. Rac1 f6 17. Nf3 Ne4 18. Qc2 Rfd8 19. Rfd1 a6 20. Nd2 Nxd2 21. Qxd2 f5 22. Qe2 dxc4 23. Bxc4 b5 24. Bd3 cxd4 25. Rxc8 Bxc8 26. e4 fxe4 27. Bxe4 Kh8 28. Qf3 e5 29. fxe5 Qxe5 30. Bd3 Qg5 31. Bc1 Qg4 32. Qxg4 Bxg4 33. Re1 Bf6 34. h3 Bd7 35. Bf4 Kg7 36. Be5 Re8 37. Bxf6+ Kxf6 38. Rf1+ Ke6 39. Rf4 Ke5 40. Rf7 Bf5 41. Bxf5 gxf5 42. Rxh7 Rc8 43. Ra7 Rc1+ 44. Kh2 d3 45. Rd7 Ke4 46. Kg3 Ke3 47. Re7+ Kd2 48. Kf2 Kc2 49. Rc7+ Kd1 50. Rd7 d2 51. Ke3 Rc3+ 52. Kf2 Kc1 53. Ke2 Rc2 0-1

[Event "BCF-chT 2324 (4NCL)"]
[Site "England"]
[Date "2023.11.11"]
[Round "1.5"]
[White "Ghasi, Ameet K"]
[Black "Manley, Jon P"]
[Result "1-0"]
[WhiteElo "2508"]
[BlackElo "2170"]
[PlyCount "67"]
[EventDate "2023.11.11"]
[EventType "team-tourn"]
[EventRounds "11"]
[EventCountry "ENG"]
[SourceTitle "CBM 217 Extra"]
[Source "ChessBase"]
[SourceDate "2024.01.31"]
[SourceVersion "1"]
[SourceVersionDate "2024.01.31"]
[SourceQuality "1"]
[WhiteTeam "The Sharks"]
[BlackTeam "Oxford"]
[WhiteTeamCountry "ENG"]
[BlackTeamCountry "ENG"]

1. b3 d5 2. Bb2 Nf6 3. Nf3 c6 4. g3 Bg4 5. Bg2 Nbd7 6. 0-0 e6 7. d3 Bd6 8. c4 0-0 9. Na3 Qe7 10. Nc2 a5 11. a3 Rfe8 12. Ne3 Bh5 13. cxd5 cxd5 14. Nd4 Rec8 15. h3 Bc5 16. Ra2 Qd6 17. a4 Qb6 18. Nec2 Be7 19. g4 Bg6 20. f4 Nc5 21. Kh1 Nxb3 22. f5 exf5 23. Nxf5 Bxf5 24. Rxf5 Qe6 25. Bxf6 Bxf6 26. Bxd5 Qb6 27. Qb1 Rc3 28. Rb2 Nd2 29. Rxb6 Nxb1 30. Rxb1 Rxc2 31. g5 Bd4 32. Rxb7 Kh8 33. Rbxf7 Kg8 34. Rb7+ 1-0

[Event "BCF-chT2 2223 (4NCL)"]
[Site "England"]
[Date "2023.01.14"]
[Round "3.43"]
[White "Berry, Neil"]
[Black "Manley, Jon P"]
[Result "1/2-1/2"]
[WhiteElo "2252"]
[BlackElo "2165"]
[PlyCount "137"]
[EventDate "2022.10.22"]
[EventType "team-tourn"]
[EventRounds "11"]
[EventCountry "ENG"]
[SourceTitle "EXT 2024"]
[Source "ChessBase"]
[SourceDate "2023.10.10"]
[SourceVersion "1"]
[SourceVersionDate "2023.10.10"]
[SourceQuality "1"]
[WhiteTeam "Alba"]
[BlackTeam "Oxford"]
[WhiteTeamCountry "ENG"]
[BlackTeamCountry "ENG"]

1. d4 d5 2. c4 dxc4 3. e3 a6 4. Bxc4 e6 5. Nf3 c5 6. 0-0 Nf6 7. Nbd2 Nc6 8. dxc5 Bxc5 9. a3 b5 10. Be2 Bb7 11. b4 Bd6 12. Bb2 0-0 13. Bxf6 gxf6 14. Rc1 Be7 15. Nb3 Qb6 16. Qc2 a5 17. Nc5 Rfc8 18. Qb2 Rc7 19. Rfd1 axb4 20. axb4 Bc8 21. Nd2 Nxb4 22. Qxb4 Rxc5 23. Rxc5 Qxc5 24. Qxc5 Bxc5 25. Bxb5 Rb8 26. Bc6 Rb6 27. Bf3 Be7 28. g4 Ba6 29. Kg2 Kg7 30. Ne4 Bb7 31. Rd7 Kf8 32. Ng3 Bxf3+ 33. Kxf3 Rd6 34. Rb7 Rd2 35. Ne4 Rd1 36. Rb8+ Rd8 37. Rb5 Kg7 38. h4 h6 39. Rb7 Kf8 40. Ra7 Rd5 41. Ra8+ Rd8 42. Rxd8+ Bxd8 43. h5 Ke7 44. Nc5 Bb6 45. Nd3 Bc7 46. Ke4 Bb6 47. f4 Bc7 48. Kf3 Bb6 49. e4 Bc7 50. Nb2 Bb6 51. Nc4 Bc5 52. e5 fxe5 53. Nxe5 f6 54. Nd3 Bd4 55. Ke4 Bc3 56. Nf2 Bd2 57. Nd1 Bc1 58. Ne3 Bd2 59. Nc2 Bc1 60. Nd4 Kf7 61. Nc6 Bd2 62. f5 e5 63. Nd8+ Ke7 64. Ne6 Kd6 65. Ng7 Bc1 66. Ne8+ Ke7 67. Nc7 Kd6 68. Ne8+ Ke7 69. Nc7 1/2-1/2

[Event "BCF-chT2b 1920 (4NCL)"]
[Site "Daventry"]
[Date "2020.02.08"]
[Round "5.54"]
[White "Manley, Jon P"]
[Black "Villiers, Thomas"]
[Result "1/2-1/2"]
[WhiteElo "2175"]
[BlackElo "2184"]
[PlyCount "34"]
[EventDate "2020.01.11"]
[EventType "team-tourn"]
[EventRounds "11"]
[EventCountry "ENG"]
[SourceTitle "CBM 194 Extra"]
[Source "ChessBase"]
[SourceDate "2020.03.31"]
[SourceVersion "1"]
[SourceVersionDate "2020.03.31"]
[SourceQuality "1"]
[WhiteTeam "Oxford"]
[BlackTeam "Barnet Knights"]
[WhiteTeamCountry "ENG"]
[BlackTeamCountry "ENG"]

1. e4 c6 2. d4 d6 3. Nc3 Nf6 4. Nf3 Bg4 5. Be2 Nbd7 6. 0-0 e5 7. a4 Be7 8. Be3 0-0 9. a5 Qc7 10. d5 a6 11. Nd2 Bxe2 12. Qxe2 cxd5 13. exd5 Ne8 14. Rfc1 f5 15. f3 Nef6 16. Nc4 Rac8 17. b3 Qd8 1/2-1/2

[Event "BCF-chT2b 1920 (4NCL)"]
[Site "Daventry"]
[Date "2020.01.12"]
[Round "4.51"]
[White "Okike, David"]
[Black "Manley, Jon P"]
[Result "1-0"]
[WhiteElo "2170"]
[BlackElo "2175"]
[PlyCount "73"]
[EventDate "2020.01.11"]
[EventType "team-tourn"]
[EventRounds "11"]
[EventCountry "ENG"]
[SourceTitle "CBM 194 Extra"]
[Source "ChessBase"]
[SourceDate "2020.03.31"]
[SourceVersion "1"]
[SourceVersionDate "2020.03.31"]
[SourceQuality "1"]
[WhiteTeam "Kings Head"]
[BlackTeam "Oxford"]
[WhiteTeamCountry "ENG"]
[BlackTeamCountry "ENG"]

1. e4 e5 2. Nf3 Nc6 3. Bc4 Bc5 4. c3 Nf6 5. d3 a6 6. a4 d6 7. Nbd2 Ba7 8. h3 0-0 9. 0-0 Ne7 10. d4 Ng6 11. Re1 c6 12. Bf1 b5 13. b4 Bd7 14. axb5 axb5 15. Nb3 Be6 16. Na5 Qc7 17. Bg5 d5 18. exd5 Bxd5 19. Bd3 Nd7 20. Bf5 Rae8 21. Qd3 Bb8 22. g3 exd4 23. cxd4 Nb6 24. h4 Kh8 25. h5 Ne7 26. Bf4 Qd8 27. Nb7 Bc4 28. Nxd8 Bxd3 29. Bxd3 Bxf4 30. gxf4 Ned5 31. Nb7 Nxb4 32. Be4 f5 33. Bb1 N4d5 34. Nc5 Nd7 35. Ne5 h6 36. Nf7+ Kh7 37. Nd6 1-0

[Event "BCF-chT2b 1920 (4NCL)"]
[Site "Daventry"]
[Date "2020.01.11"]
[Round "3.53"]
[White "Manley, Jon P"]
[Black "Young, Daniel"]
[Result "1-0"]
[WhiteElo "2175"]
[BlackElo "1947"]
[PlyCount "51"]
[EventDate "2020.01.11"]
[EventType "team-tourn"]
[EventRounds "11"]
[EventCountry "ENG"]
[SourceTitle "CBM 194 Extra"]
[Source "ChessBase"]
[SourceDate "2020.03.31"]
[SourceVersion "1"]
[SourceVersionDate "2020.03.31"]
[SourceQuality "1"]
[WhiteTeam "Oxford"]
[BlackTeam "KJCA Kings"]
[WhiteTeamCountry "ENG"]
[BlackTeamCountry "ENG"]

1. e4 c5 2. Nc3 g6 3. d4 cxd4 4. Qxd4 Nf6 5. Nf3 Nc6 6. Qa4 d6 7. e5 dxe5 8. Nxe5 Bg7 9. Bb5 0-0 10. Nxc6 bxc6 11. Bxc6 Bd7 12. Bxd7 Nxd7 13. 0-0 Nb6 14. Qh4 Bxc3 15. bxc3 Qc7 16. Bh6 Rfd8 17. Rae1 Rd7 18. Re3 Qc4 19. Re4 Qxc3 20. Rxe7 Rxe7 21. Qxe7 Nd5 22. Qb7 Rd8 23. Qxa7 Nb4 24. Qa5 Rc8 25. Rd1 Nd5 26. Qxd5 1-0

[Event "BCF-chT1d 1819 (4NCL) Demotion pool"]
[Site "England"]
[Date "2019.05.04"]
[Round "9.72"]
[White "Libiszewski, Fabien"]
[Black "Manley, Jon P"]
[Result "1-0"]
[WhiteElo "2511"]
[BlackElo "2178"]
[PlyCount "81"]
[EventDate "2018.11.10"]
[EventType "team-tourn"]
[EventRounds "4"]
[EventCountry "ENG"]
[SourceTitle "CBM 190 Extra"]
[Source "ChessBase"]
[SourceDate "2019.07.15"]
[SourceVersion "1"]
[SourceVersionDate "2019.07.15"]
[SourceQuality "1"]
[WhiteTeam "3CS Oldham"]
[BlackTeam "Oxford"]
[WhiteTeamCountry "ENG"]
[BlackTeamCountry "ENG"]

1. e4 e5 2. Nf3 Nc6 3. Bc4 Bc5 4. 0-0 Nf6 5. d3 d6 6. c3 a6 7. a4 0-0 8. h3 Ba7 9. Re1 Be6 10. Bxe6 fxe6 11. Be3 Bxe3 12. Rxe3 Qe8 13. Nbd2 Kh8 14. Qb3 Rb8 15. Kh2 h6 16. d4 Nd7 17. Rf1 exd4 18. cxd4 e5 19. dxe5 dxe5 20. Qc3 Qe7 21. Nb3 Rf6 22. Nh4 Qf7 23. Nf5 h5 24. Rd3 Nf8 25. Qd2 g6 26. Ne3 Kg8 27. Kg1 Qe8 28. Nd5 Rf7 29. Qh6 Rd8 30. Rg3 Rd6 31. Qxh5 Nd4 32. Nc5 b6 33. Nd3 Re6 34. Rc1 Qxa4 35. Rxc7 Qa1+ 36. Rc1 Qa4 37. Kh2 Nc6 38. Rxc6 Rxc6 39. Nxe5 Re6 40. Nxf7 Kxf7 41. Qh8 1-0

[Event "BCF-chT1a 1819 (4NCL)"]
[Site "England"]
[Date "2019.02.09"]
[Round "5.24"]
[White "Palliser, Richard"]
[Black "Manley, Jon P"]
[Result "1/2-1/2"]
[WhiteElo "2414"]
[BlackElo "2149"]
[PlyCount "60"]
[EventDate "2018.11.10"]
[EventType "team-tourn"]
[EventRounds "7"]
[EventCountry "ENG"]
[SourceTitle "CBM 188 Extra"]
[Source "ChessBase"]
[SourceDate "2019.02.28"]
[SourceVersion "1"]
[SourceVersionDate "2019.02.28"]
[SourceQuality "1"]
[WhiteTeam "White Rose"]
[BlackTeam "Oxford"]
[WhiteTeamCountry "ENG"]
[BlackTeamCountry "ENG"]

1. d4 d5 2. c4 dxc4 3. e3 e6 4. Bxc4 a6 5. Nf3 Nf6 6. 0-0 c5 7. Bd3 Nc6 8. Nc3 Qc7 9. Bd2 Bd6 10. Rc1 cxd4 11. exd4 0-0 12. Bg5 Bf4 13. Bxf6 gxf6 14. Ne4 Qe7 15. Rc4 f5 16. Nc3 Nb4 17. d5 Bd6 18. Bxf5 exf5 19. a3 a5 20. axb4 axb4 21. Nb5 Ra5 22. Re1 Qf6 23. Nxd6 Qxd6 24. Qc1 Bd7 25. Rh4 Rxd5 26. Qg5+ Qg6 27. Qf4 Qd6 28. Qg5+ Qg6 29. Qf4 Qd6 30. Qg5+ Qg6 1/2-1/2

[Event "BCF-chT1a 1718 (4NCL)"]
[Site "England"]
[Date "2018.03.17"]
[Round "7.37"]
[White "Manley, Jon P"]
[Black "Townsend, M Paul"]
[Result "0-1"]
[WhiteElo "2159"]
[BlackElo "2216"]
[PlyCount "129"]
[EventDate "2017.11.11"]
[EventType "team-swiss"]
[EventRounds "11"]
[EventCountry "ENG"]
[SourceTitle "EXT 2019"]
[Source "ChessBase"]
[SourceDate "2018.10.10"]
[SourceVersion "1"]
[SourceVersionDate "2018.10.10"]
[SourceQuality "1"]
[WhiteTeam "Oxford"]
[BlackTeam "White Rose"]
[WhiteTeamCountry "ENG"]
[BlackTeamCountry "ENG"]

1. e4 e6 2. d4 d5 3. Nc3 Bb4 4. e5 c5 5. a3 Bxc3+ 6. bxc3 Qc7 7. Qg4 f5 8. Qg3 cxd4 9. cxd4 Ne7 10. Bd2 0-0 11. Bd3 b6 12. Ne2 Ba6 13. Nf4 Qd7 14. h4 Bxd3 15. Qxd3 Rc8 16. h5 Rc4 17. h6 g6 18. c3 Nbc6 19. Qg3 Kh8 20. Qg5 Rf8 21. 0-0 Na5 22. Rfb1 Rc6 23. a4 Nc4 24. Bc1 Ng8 25. Ne2 Rfc8 26. Qg3 Na5 27. Bg5 Rc4 28. Qh4 Rf8 29. Rb4 Qf7 30. Rab1 Rfc8 31. Qg3 R4c7 32. Ra1 Ne7 33. Qh4 Nec6 34. Rbb1 Nc4 35. Ra2 Kg8 36. Qg3 Nd8 37. Qh4 Nc6 38. Qg3 Kf8 39. Re1 N4a5 40. Ra3 Nc4 41. Ra2 N4a5 42. Nf4 Ne7 43. Re3 Nc4 44. Rd3 Rb7 45. Bf6 Nc6 46. Qg5 Ne7 47. Rh3 Kg8 48. g4 fxg4 49. Qxg4 Nf5 50. Kh2 Rbc7 51. Re2 Na5 52. f3 Nc6 53. Nxg6 Qxg6 54. Qf4 Kf8 55. Rg2 Qf7 56. Rg7 Nxg7 57. hxg7+ Ke8 58. Rxh7 Ne7 59. g8Q+ Qxg8 60. Rh8 Qxh8+ 61. Bxh8 Nf5 62. Bf6 Rh7+ 63. Kg1 Rxc3 64. Qg5 Kf7 65. Bh8 0-1

[Event "Witney op-A"]
[Site "Witney"]
[Date "2015.10.18"]
[Round "4"]
[White "Mashayekh, Majid"]
[Black "Manley, Jon P"]
[Result "1/2-1/2"]
[WhiteElo "1967"]
[BlackElo "2156"]
[PlyCount "102"]
[EventDate "2015.10.17"]
[EventType "swiss"]
[EventRounds "5"]
[EventCountry "ENG"]
[SourceTitle "CBM 169 Extra"]
[Source "ChessBase"]
[SourceDate "2015.12.18"]
[SourceVersion "1"]
[SourceVersionDate "2015.12.18"]
[SourceQuality "1"]

1. Nf3 d5 2. d4 Nf6 3. g3 e6 4. Bg2 c5 5. c3 Nc6 6. 0-0 Qb6 7. Qb3 c4 8. Qc2 Qd8 9. Bg5 Be7 10. Nbd2 Bd7 11. Rfe1 0-0 12. e4 Nxe4 13. Nxe4 dxe4 14. Bxe7 Nxe7 15. Qxe4 Bc6 16. Qe2 b5 17. a4 a6 18. axb5 axb5 19. Ne5 Bxg2 20. Kxg2 Qd5+ 21. Qf3 Rfc8 22. Qxd5 Nxd5 23. Rec1 Nb6 24. Kf3 f6 25. Ng4 Kf7 26. Ne3 Ke7 27. h4 h5 28. Rd1 Kd6 29. Ng2 Nd5 30. Nf4 Nxf4 31. Kxf4 Kd5 32. Re1 Rcb8 33. g4 hxg4 34. Kxg4 b4 35. Kf4 Rxa1 36. Rxa1 bxc3 37. bxc3 e5+ 38. dxe5 fxe5+ 39. Ke3 Rb3 40. Ra5+ Kd6 41. Ra6+ Ke7 42. Ke4 Rxc3 43. Kxe5 Rh3 44. Ra7+ Kf8 45. Ke6 Kg8 46. Rc7 Rxh4 47. Kf5 Rh2 48. f4 Rc2 49. Kg6 Rg2+ 50. Kf5 Rc2 51. Kg6 Rg2+ 1/2-1/2

[Event "Witney op-A"]
[Site "Witney"]
[Date "2015.10.17"]
[Round "2"]
[White "Manley, Jon P"]
[Black "Zakarian, David"]
[Result "0-1"]
[WhiteElo "2156"]
[BlackElo "2379"]
[PlyCount "90"]
[EventDate "2015.10.17"]
[EventType "swiss"]
[EventRounds "5"]
[EventCountry "ENG"]
[SourceTitle "CBM 169 Extra"]
[Source "ChessBase"]
[SourceDate "2015.12.18"]
[SourceVersion "1"]
[SourceVersionDate "2015.12.18"]
[SourceQuality "1"]

1. e4 c5 2. Nc3 a6 3. g3 b5 4. Bg2 Bb7 5. d3 e6 6. Nh3 Nf6 7. 0-0 Be7 8. f4 b4 9. Nb1 d6 10. g4 h5 11. g5 Ng4 12. g6 fxg6 13. f5 Bf6 14. fxg6 Nd7 15. c3 e5 16. Nf2 Nf8 17. Nxg4 hxg4 18. Qxg4 Bc8 19. Rf5 Rb8 20. c4 Ne6 21. Be3 Rh4 22. Qe2 Nf4 23. Bxf4 Bxf5 24. exf5 Rxf4 25. Nd2 Ke7 26. Ne4 Qh8 27. b3 Qh6 28. h3 Rb6 29. d4 cxd4 30. c5 dxc5 31. Qc4 Rxe4 32. Qxc5+ Rd6 33. Qc7+ Rd7 34. Qc5+ Ke8 35. Qc8+ Bd8 36. Qc4 Kf8 37. Qe6 Re7 38. Qc8 Re2 39. Qxd8+ Re8 40. Qd6+ Kg8 41. f6 Rxg2+ 42. Kxg2 Qxg6+ 43. Kh2 Qxf6 44. Qd5+ Qf7 45. Qg2 e4 0-1

[Event "BCF-chT2d 1112 (4NCL)"]
[Site "England"]
[Date "2012.05.07"]
[Round "11.52"]
[White "Spice, Alan"]
[Black "Manley, Jon P"]
[Result "1/2-1/2"]
[WhiteElo "2125"]
[BlackElo "2161"]
[PlyCount "118"]
[EventDate "2011.11.12"]
[EventType "team-swiss"]
[EventRounds "11"]
[EventCountry "ENG"]
[SourceTitle "EXT 2013"]
[Source "ChessBase"]
[SourceDate "2012.11.22"]
[SourceVersion "1"]
[SourceVersionDate "2012.11.22"]
[SourceQuality "1"]
[WhiteTeam "Rhyfelwyr Essyllwg"]
[BlackTeam "Barbican Youth"]
[WhiteTeamCountry "ENG"]
[BlackTeamCountry "ENG"]

1. Nc3 Nf6 2. e4 e5 3. Bc4 Nc6 4. d3 Na5 5. Nge2 d6 6. a3 Nxc4 7. dxc4 Be6 8. Qd3 c6 9. Bg5 h6 10. Bh4 g5 11. Bg3 Nh5 12. 0-0-0 Qa5 13. h4 g4 14. f4 Nxg3 15. Qxg3 exf4 16. Nxf4 Qe5 17. h5 Rg8 18. b3 Bg7 19. Rd3 0-0-0 20. Nfe2 Qc5 21. Kb2 f5 22. Ka2 Be5 23. Qe1 Qa5 24. Nd4 fxe4 25. Nxe4 Qxe1 26. Rxe1 Bd7 27. Kb1 Kc7 28. c5 d5 29. Ng3 Rde8 30. c3 Bxg3 31. Rxe8 Rxe8 32. Rxg3 Re5 33. Kc2 Rxh5 34. Kd2 Kd8 35. Ke3 Re5+ 36. Kf2 Ke7 37. Rd3 Kf6 38. g3 h5 39. Kf1 Kg5 40. Kf2 h4 41. gxh4+ Kxh4 42. b4 Kg5 43. a4 a6 44. Rd1 Re7 45. Rh1 Be8 46. Rh8 Kf4 47. Rg8 Bd7 48. Rb8 g3+ 49. Kg2 Rg7 50. Rf8+ Ke3 51. Rf3+ Kd2 52. Nb3+ Kd1 53. Nd4 Ke1 54. Rd3 Bc8 55. Rf3 Kd2 56. Nb3+ Kc2 57. Nd4+ Kd2 58. Nb3+ Kc2 59. Nd4+ Kd2 1/2-1/2